000 00526nam a22001937a 4500
003 OSt
005 20160530132151.0
008 160530b xxu||||| |||| 00| 0 eng d
040 _c040a
082 _aQW 551
_bL762a 2005
100 _aGifford, Allen L...{etal}
_99083
245 _aLiving well with HIV and AIDS /
_cAllen L Gifford...{etal}
250 _a3rd.ed
260 _aColorado
_bBull publishing company
_c2005
300 _ax, 327p:
_c12 cm
504 _aIncludes index
650 _aHIV
_92583
942 _2ddc
_cO_SHELF
999 _c4213
_d4213